Pidato-pidato Roeslan Abdulgani pada sidang pleno pertama konperensi-persiapan KWAA tgl. 11 Pebruari 1963 di Djakarta. (Record no. 59752)

MARC details
000 -LEADER
fixed length control field 00824cam a22002291 4500
001 - CONTROL NUMBER
control field sa 64006528
003 - CONTROL NUMBER IDENTIFIER
control field DLC
005 - DATE AND TIME OF LATEST TRANSACTION
control field 20260227112040.0
008 - FIXED-LENGTH DATA ELEMENTS--GENERAL INFORMATION
fixed length control field 890913s1963 io 000 0 ind
010 ## - LIBRARY OF CONGRESS CONTROL NUMBER
LC control number sa 64006528
035 ## - SYSTEM CONTROL NUMBER
System control number (OCoLC)23536668
040 ## - CATALOGING SOURCE
Original cataloging agency DLC
Transcribing agency MiU
Modifying agency DLC
041 0# - LANGUAGE CODE
Language code of text/sound track or separate title indeng
042 ## - AUTHENTICATION CODE
Authentication code premarc
050 00 - LIBRARY OF CONGRESS CALL NUMBER
Classification number DS644
Item number .2 1963.A65
100 1# - MAIN ENTRY--PERSONAL NAME
Personal name Abdulgani, Roeslan,
Dates associated with a name 1914-
245 10 - TITLE STATEMENT
Title Pidato-pidato Roeslan Abdulgani pada sidang pleno pertama konperensi-persiapan KWAA tgl. 11 Pebruari 1963 di Djakarta.
Remainder of title pada sidang pembukaan KWAA tgl. 25 April 1963 di Djakarta dan pada sidang-penutupan KWAA tgl. 30 April di Bandung.
260 ## - PUBLICATION, DISTRIBUTION, ETC.
Place of publication, distribution, etc. [Djakarta]
Name of publisher, distributor, etc. Departemen Penerangan
Date of publication, distribution, etc. [1963?]
300 ## - PHYSICAL DESCRIPTION
Extent 58 p.
Other physical details ports.
Dimensions 22 cm.
500 ## - GENERAL NOTE
General note Indonesian and English.
500 ## - GENERAL NOTE
General note "Penerbitan chusus, 266."

No items available.

Powered by Koha